00957cas a22002897ar450000500170000000800410001701000100005801100100006802200140007803500110009224500770010326000660018030000070024631000140025332100150026736200170028259000410029959000410034059000410038159000420042265000630046478500500052786600330057790100070061090500330061799900170065020220329143032.0001017d us br pernn 0 b1eng d a90988 a91960 a0022-1163 a10252300aJournal of Food Technologyc/by Institute of Food Science and Technology0 aOsney Mead, Oxford:bBlackwell Scientific Publicationsc1966. av. aBimestral aTrimestral av.21n.6,1986 aBATCH-UPDb10c20130110lUCH01h0621 aBATCH-UPDb10c20130410lUCH01h0304 aBATCH-UPDb10c20130914lUCH01h0208 aCONVERSIONb10c20130109lUCH01h135014aAlimentosxTecnologíaxPublicaciones periódicas.94292 tInternational Journal Food Science Technology av.8 n.1-v.21 n.6 (1973-1986) aSE aAraceli Hernández Gómez. c90988d90988